000 005500000a22001810004500
090 _aAR
_b03598
245 1 0 _aPlant architecture and the diversity of phytophagous insects
500 _a<Colección uso y valoración>
650 1 4 _aArquitectura vegetal
_997276
650 1 4 _aHerbivoría
_993852
650 1 4 _aUso del hábitat
_93825
650 1 4 _aEcología de comunidades
_93558
651 4 _mYork
_pInglaterra
_992749
041 0 _aInglés
100 1 _aLawton, John H.
_992860
942 _cARTICULO
773 1 _tAnn. Rev. Entomol.
_q23-39
_d1983
_g28
999 _c12648
_d12648